Corrosion prevention by protective coatings / (Record no. 123542)
[ view plain ]
| 000 -LEADER | |
|---|---|
| fixed length control field | 00563cas a2200169 4500 |
| 008 - FIXED-LENGTH DATA ELEMENTS--GENERAL INFORMATION | |
| fixed length control field | 150204n eng u |
| 020 ## - INTERNATIONAL STANDARD BOOK NUMBER | |
| International Standard Book Number | 0915567040 |
| 035 ## - SYSTEM CONTROL NUMBER | |
| System control number | (Sirsi) a187877 |
| 050 ## - LIBRARY OF CONGRESS CALL NUMBER | |
| Classification number | TA 418.74 MUN 1984 |
| 040 ## - CATALOGING SOURCE | |
| Original cataloging agency | |
| 100 ## - MAIN ENTRY--PERSONAL NAME | |
| Personal name | Munger, Charles G. |
| 245 ## - TITLE STATEMENT | |
| Title | Corrosion prevention by protective coatings / |
| Statement of responsibility, etc. | Charles G. Munger |
| 260 ## - PUBLICATION, DISTRIBUTION, ETC. | |
| Place of publication, distribution, etc. | Houston, Tex. : |
| Name of publisher, distributor, etc. | National Association of Corrosion Engineers, |
| Date of publication, distribution, etc. | 1984. |
| 300 ## - PHYSICAL DESCRIPTION | |
| Extent | 512, 9 p., [8] p. : |
| Other physical details | ill. |
| 504 ## - BIBLIOGRAPHY, ETC. NOTE | |
| Bibliography, etc. note | Includes bibliographies and index |
| 650 ## - SUBJECT ADDED ENTRY--TOPICAL TERM | |
| Topical term or geographic name entry element | Corrosion and anti-corrosives |
No items available.